বিজ্ঞানের বীর সেনানী / (Record no. 2879)
[ view plain ]
| 000 -LEADER | |
|---|---|
| fixed length control field | 00795nam a2200229 a 4500 |
| 001 - CONTROL NUMBER | |
| JCCL Control Number | 2879 |
| 003 - CONTROL NUMBER IDENTIFIER | |
| JCCL marc code | BD-JhCC |
| 005 - DATE AND TIME OF LATEST TRANSACTION | |
| control field | 20171108091913.0 |
| 008 - FIXED-LENGTH DATA ELEMENTS--GENERAL INFORMATION | |
| fixed length control field | 171107s1965 bg |||| ||a| 000 0 ben d |
| 035 ## - SYSTEM CONTROL NUMBER | |
| system control number | (BD-JhCC)2879 |
| 040 ## - CATALOGING SOURCE | |
| Original cataloging agency | BD-JhCC |
| Modifying agency | BD-JhCC |
| 041 ## - LANGUAGE CODE | |
| Language code of Book | eng |
| 082 ## - DEWEY DECIMAL CLASSIFICATION NUMBER | |
| Classification number | 920 |
| Author mark and Year | FAN 1965 |
| 100 ## - MAIN ENTRY--PERSONAL NAME | |
| Personal name | ফ্যানিং, লিওনার্দ এম |
| 245 ## - TITLE STATEMENT | |
| Title | বিজ্ঞানের বীর সেনানী / |
| Statement of responsibility, etc | লিওনার্দ এম ফ্যানিং; মীর দেওয়ান আলী (অনু.) |
| 260 ## - PUBLICATION, DISTRIBUTION, ETC. (IMPRINT) | |
| Place of publication, distribution, etc | ঢাকা : |
| Name of publisher, distributor, etc | সাহিত্যিকা, |
| Date of publication, distribution, etc | 1965. |
| 300 ## - PHYSICAL DESCRIPTION | |
| Pagination | 285 p. : |
| Dimensions | 22 cm. |
| 650 ## - SUBJECT ADDED ENTRY--TOPICAL TERM | |
| Topical term or geographic name as entry element | Collection of Biography |
| 700 ## - ADDED ENTRY--PERSONAL NAME | |
| Personal name | আলী, মীর দেওয়ান |
| 942 ## - ADDED ENTRY ELEMENTS (KOHA) | |
| Source of classification or shelving scheme | Dewey Decimal Classification |
| Koha item type | Books |
| Source of classification or shelving scheme | Damaged status | Not for loan | Home library | Current library | Shelving location | Date of accession | Cost, normal purchase price | Total Checkouts | Full call number | Barcode | Date last seen | Copy number | Koha item type |
|---|---|---|---|---|---|---|---|---|---|---|---|---|---|
| Dewey Decimal Classification | JCC Rouf Library | JCC Rouf Library | General Stacks | 11/07/2017 | 2.50 | 920 FAN 1965 | 4705 | 11/07/2017 | C-1 | Books | |||
| Dewey Decimal Classification | JCC Rouf Library | JCC Rouf Library | General Stacks | 11/08/2017 | 2.50 | 920 FAN 1965 | 4706 | 11/08/2017 | C- 2 | Books |